000 01519nam a2200289Ia 4500
999 _c50079
_d50079
001 17017
003 GE_BSU
005 20200203152329.0
008 181216s2015ge xx |||||||||||||| ||geo||
020 _a 9789941939396
040 _cGE_BSU
041 _ageo
080 _a821.353.1-1 ლ-83
100 _aლონდარიძე, შ. (შალვა)
_96702
245 _aსულის თარგმანები :
_b[ლექსები] /
_cშ.ლონდარიძე ; რედ : მაია მიქაია ; ნათელა აბაზაძე ; წინასიტყვ. თემურ ჩალაბაშვილი მხატვ. ვასილ ბოსტაშვილი ; ფოტო ვაჩე რაინდელი.
264 _aთბილისი :
_bკალმოსანი,
_c2015.
300 _a204 გვ. ;
_c20 სმ.
653 _a[ლექსები]
653 _aპოეზია
653 _aსულის თარგმანები
700 _aმიქაია, მაია
_eრედაქტორი
_96703
700 _aაბაზაძე , ნათელა
_eრედაქტორი
_96704
700 _a ჩალაბაშვილი, თემურ
_eწინასიტყვ.
_96705
700 _aბოსტაშვილი, ვასილ
_eმხატვარი
_96706
700 _aრაინდელი, ვაჩე
_eფოტო
_96707
942 _cBK
_2udc